000 00410nam a2200169Ia 4500
008 230524s9999 xx 000 0 und d
020 _a9788120333567
082 _a621.382
_bKUM
100 _aA.Anand Kumar
245 0 _aFundamentals of Digital Circuits
250 _a1ST
260 _aNEW DELHI
_bPHI
_c2004
300 _aXVI;664
500 _aQuantity Number: 5
650 _aElectronics
942 _cBK
999 _c13301
_d13301